World Famous Paintings by Images - Statistics

General Stats
  • This quiz has been taken 141 times
  • The average score is 7 of 12
Answer Stats
Picture Answer % Correct
Mona Lisa
98%
The Starry Night
95%
The Last Supper
93%
The birth of Venus
78%
Girl with a Pearl Earring
66%
Guernica
65%
American Gothic
61%
The Night Watch
48%
The School of Athens
34%
The Garden of Earthly Delights
23%
The Swing
21%
The Beach at Sainte Adresse
3%
No matching quizzes found
Score Distribution
Percent of People with Each Score
Percentile by Number Answered
Your Score History
You have not taken this quiz